| 000 | 00993nam a22002537a 4500 | ||
|---|---|---|---|
| 001 | 114413 | ||
| 003 | DR-UNIBE | ||
| 005 | 20260302143735.0 | ||
| 008 | 260302b2025 dr ||||| |||| 00| 0 spa d | ||
| 020 | _a9789945251548 | ||
| 040 |
_aBIBLIOTECA UNIBE _cBIBLIOTECA UNIBE _erda _bspa |
||
| 041 | _aspa | ||
| 082 | _aR-RD 920.07293 G377d | ||
| 100 |
_aGerón, Cándido, _d1950- _q(Araújo Gerón, Cándido) _924252 |
||
| 245 | 1 | 0 |
_aDiccionario histórico, político y cultural 1492-2024 / _cCándido Gerón |
| 260 |
_a Santo Domingo : _bArchivo General de la Nación, _c2025 |
||
| 300 |
_a699 páginas : _bfotografías (Blanco y negro) |
||
| 490 |
_aArchivo General de la Nación ; _v541 |
||
| 650 |
_aBiografías -- Diccionarios -- República Dominicana _9202858 |
||
| 650 |
_a Historia -- Diccionarios -- República Dominicana _9202859 |
||
| 700 | 1 |
_a Suárez, Manuel Ángel _ecorrector _9202857 |
|
| 700 |
_aDomínguez Novas, Juan Francisco _9127336 _ediagramador |
||
| 942 |
_2ddc _cBK |
||
| 999 |
_c114413 _d114413 |
||